Úloha normalizácie pri vstupe SR do EÚ - normy vodného hospodárstva

Vstup SR do Európskej únie je podmienený členstvom SR v európskych štruktúrach. SR sa snaží nadviazať na činnosť Európskej komisie pre normalizáciu (CEN) a prispôsobiť systém normalizačnej činnosti európskym kritériám. Preberanie EN do STN vo vodnom hospodárstve.

Saved in:
Bibliographic Details
Main Author: Borovská, Daša
Other Authors: Smiešková, Jana
Format: Book Chapter
Language:Slovak
Subjects:
Tags: Add Tag
No Tags, Be the first to tag this record!

MARC

LEADER 00000naa a2200000 4500
001 r037994
005 20230925115322.1
041 0 |a slo 
044 |a SK 
245 1 0 |a Úloha normalizácie pri vstupe SR do EÚ - normy vodného hospodárstva  |c Daša Borovská, Jana Smiešková 
520 |a Vstup SR do Európskej únie je podmienený členstvom SR v európskych štruktúrach. SR sa snaží nadviazať na činnosť Európskej komisie pre normalizáciu (CEN) a prispôsobiť systém normalizačnej činnosti európskym kritériám. Preberanie EN do STN vo vodnom hospodárstve. 
610 2 0 |a vodohospodárstvo 
610 2 0 |a normalizácia 
610 2 0 |a normy technické 
610 2 0 |a Slovensko 
610 2 0 |a Európska únia 
610 2 0 |a Európska komisia pre normalizáciu 
100 1 |a Borovská, Daša 
700 1 |a Smiešková, Jana